La poesía épica del siglo de oro

Na minha lista:
Detalhes bibliográficos
Autor principal: Pierce, Frank (Author)
Formato: Livro
Idioma:espanhol
Publicado em: Madrid Gredos 1961
Colecção:Biblioteca Románica Hispánica. Estudios y Ensayos
Assuntos:
Tags: Adicionar Tag
Sem tags, seja o primeiro a adicionar uma tag!

MARC

LEADER 00000nam a2200000 a 4500
001 UCQ3177
003 CL-VaPUC
008 980817e19610000SP |||||||||||||||||spa|d
082 0 4 |a 861.09  |b PIE  |2 21 
100 0 |a Pierce, Frank  |e author  |9 417209 
245 1 3 |a La poesía épica del siglo de oro 
300 |a 390 p 
942 |c BK 
945 |d 19980817 00:00:00  |a crobeson 
260 |a Madrid  |b Gredos  |c 1961 
650 0 |a Poesía española  |9 264938 
650 0 |a Literatura española  |9 306261 
650 0 |a Historia y crítica   |9 257407 
650 0 |a Siglo de oro español  |9 414273 
650 0 |a Poesía épica   |9 269163 
583 |a last modification  |c 19980817 00:00:00  |k Rodrigo Vera 
490 0 |a Biblioteca Románica Hispánica. Estudios y Ensayos 
999 |c 273776  |d 273774 
952 |0 0  |1 0  |4 0  |6 861_090000000000000_PIE_1961  |7 0  |8 A  |9 309633  |a BIBEDU  |b BIBEDU  |d 2019-11-20  |i 1452193  |o 861.09 PIE 1961  |p 1452193  |r 2019-11-20  |w 2019-11-20  |y BK  |k LIT